[Event "Superettan(Stockholms SS-Rock II,Sthlm)"]
[Site "?"]
[Date "2009.02.28"]
[Round "6"]
[White "Henriksson, Johan"]
[Black "Hanninger, Simon"]
[Result "1-0"]
[WhiteElo "2322"]
[BlackElo "2289"]
[PlyCount "117"]

1. d4 c5 2. dxc5 Na6 3. e4 Nxc5 4. Nc3 b6 5. b4 Ne6 6. Bb2 Bb7 7. g3 Nf6 8. Bg2
Qc8 9. a3 Qc4 10. Nf3 g6 11. Nd2 Qc8 12. Nd5 Bg7 13. Nxf6+ Bxf6 14. Bxf6 exf6
15. O-O Qc3 16. Nb3 Rc8 17. Rc1 a5 18. Qd6 a4 19. Nd2 Ba6 20. Nb1 Qe5 21. Rfd1
Qxd6 22. Rxd6 Rc6 23. Rxc6 dxc6 24. c4 c5 25. b5 Bb7 26. Nc3 Nd4 27. e5 Bxg2
28. Kxg2 fxe5 29. Nxa4 Kd7 30. Nxb6+ Kc7 31. Nd5+ Kd6 32. Rb1 Nc2 33. Rb3 Nd4
34. Rb2 Ra8 35. b6 Nc6 36. b7 Rb8 37. Rb6 Kd7 38. Rb5 Nd8 39. Rxc5 Rxb7 40.
Nf6+ Ke6 41. Nxh7 f6 42. Nf8+ Kf7 43. Rc8 Kxf8 44. Rxd8+ Ke7 45. Rg8 Kf7 46.
Ra8 Rc7 47. Ra4 Ke6 48. h4 e4 49. c5 Rxc5 50. Rxe4+ Kf7 51. a4 Rc3 52. Re3 Rc5
53. Kf3 Ra5 54. Re4 g5 55. hxg5 fxg5 56. Kg4 Kf6 57. Rb4 Kg6 58. Rb6+ Kg7 59.
Rb5 1-0

[Event "Superettan(Stockholms SS-Rock II,Sthlm)"]
[Site "?"]
[Date "2009.02.28"]
[Round "6"]
[White "Olofsson, Dan"]
[Black "Asberg, Anders"]
[Result "1-0"]
[WhiteElo "2223"]
[BlackElo "2193"]
[PlyCount "93"]

1. e4 c5 2. Nf3 Nc6 3. Bb5 g6 4. Bxc6 bxc6 5. O-O Bg7 6. d3 d6 7. h3 Rb8 8. Nc3
Nf6 9. Rb1 O-O 10. Be3 Qa5 11. Qd2 Qa6 12. a3 Re8 13. Rfe1 e5 14. Nh4 Qb7 15.
f4 Qe7 16. fxe5 dxe5 17. Qf2 Nd7 18. Na4 Bf8 19. Rf1 f6 20. g4 Rb5 21. Kh2 Ra5
22. b3 Qd6 23. Nb2 Rb5 24. Nc4 Qe6 25. Rg1 Be7 26. Nf5 Bf8 27. Rbf1 Kh8 28. Nh4
Rb8 29. Qd2 Ba6 30. Nb2 Rb5 31. Rf3 Be7 32. Qf2 Rbb8 33. Na4 Qd6 34. Rf1 Rf8
35. Qe1 Bb5 36. Nb2 Qc7 37. Bd2 Ba6 38. Qe3 Rg8 39. g5 fxg5 40. Rf7 Nf8 41. Nf3
Rg7 42. Nxg5 Rxf7 43. Rxf7 Bxg5 44. Rxc7 Bxe3 45. Bxe3 Re8 46. Rxc6 Bc8 47.
Rxc5 1-0

[Event "Superettan(Stockholms SS-Rock II,Sthlm)"]
[Site "?"]
[Date "2009.02.28"]
[Round "6"]
[White "Nilsson, Mats"]
[Black "Bryntze, Stefan"]
[Result "0-1"]
[WhiteElo "2170"]
[BlackElo "2222"]
[PlyCount "72"]

1. d4 e6 2. c4 f5 3. g3 Nf6 4. Bg2 Bb4+ 5. Bd2 Qe7 6. a3 Bxd2+ 7. Qxd2 d6 8.
Nc3 c6 9. Nf3 O-O 10. O-O Nbd7 11. b4 e5 12. dxe5 dxe5 13. e4 f4 14. gxf4 exf4
15. Qxf4 Nd5 16. Nxd5 cxd5 17. Qg5 Qxg5 18. Nxg5 dxc4 19. f4 Nb6 20. e5 h6 21.
Ne4 Nd5 22. Nd6 Nxf4 23. Nxc4 Be6 24. Nd6 a5 25. Bxb7 Rab8 26. Rxf4 Rxf4 27.
bxa5 Ra4 28. a6 Ra5 29. a4 Bd5 30. Re1 Kf8 31. e6 Ke7 32. Nf5+ Kf6 33. Bxd5
Rxd5 34. a7 Re8 35. e7 Ra5 36. Nxg7 Kxg7 0-1

[Event "Superettan(Stockholms SS-Rock II,Sthlm)"]
[Site "?"]
[Date "2009.02.28"]
[Round "6"]
[White "Backman, Mikael"]
[Black "Braathen, Tom"]
[Result "1-0"]
[WhiteElo "2178"]
[BlackElo "2111"]
[PlyCount "120"]

1. d4 Nf6 2. c4 c5 3. d5 b5 4. cxb5 a6 5. f3 e6 6. e4 exd5 7. e5 Qe7 8. Qe2 Ng8
9. Nc3 Bb7 10. Nh3 Qd8 11. Nf4 Ne7 12. Nh5 Qb6 13. Bg5 c4 14. Bxe7 Bxe7 15.
Nxg7+ Kf8 16. bxa6 Nxa6 17. Nf5 Nb4 18. Qd2 Bc5 19. a3 Qe6 20. g4 Qxe5+ 21. Be2
Nd3+ 22. Kf1 Qf4 23. Rd1 h5 24. Qxf4 Nxf4 25. g5 h4 26. Nd4 Rg8 27. Rg1 f6 28.
g6 Nxg6 29. Rg4 Kf7 30. Nf5 Ke6 31. Nh6 Rg7 32. Bxc4 dxc4 33. Re1+ Ne5 34. Rxg7
Bxf3 35. Ng4 h3 36. Nxe5 fxe5 37. Ne4 Bg2+ 38. Rxg2 hxg2+ 39. Kxg2 Bd4 40. Re2
Rb8 41. Nc3 d5 42. h4 Bxc3 43. bxc3 Rb3 44. Ra2 Rxc3 45. a4 Rb3 46. a5 Rb7 47.
a6 Ra7 48. Kf3 Kf5 49. Ra5 d4 50. h5 c3 51. Ke2 Ke4 52. Ra4 Kd5 53. Kd3 e4+ 54.
Kc2 Kc5 55. h6 Kb5 56. h7 Kxa4 57. h8=Q Rxa6 58. Qxd4+ Kb5 59. Qd5+ Kb6 60.
Qxe4 Ra2+ 1-0

[Event "Superettan(Stockholms SS-Rock II,Sthlm)"]
[Site "?"]
[Date "2009.02.28"]
[Round "6"]
[White "Carlsten, Peter"]
[Black "Revelj, Oskar"]
[Result "1-0"]
[WhiteElo "2096"]
[BlackElo "2169"]
[PlyCount "91"]
[EventDate "2009.??.??"]

1. e4 e6 2. d4 d5 3. Nd2 Nf6 4. e5 Nfd7 5. f4 c5 6. c3 Nc6 7. Ndf3 cxd4 8. cxd4
Qb6 9. Nh3 Be7 10. Nf2 Bb4+ 11. Ke2 f6 12. Be3 fxe5 13. fxe5 Be7 14. Nd3 O-O
15. Qa4 Qd8 16. g3 Nb6 17. Qd1 Nc4 18. Bf2 Bd7 19. b3 Na3 20. Qd2 a5 21. Qb2
Nb4 22. Nxb4 Bxb4 23. Be3 Rc8 24. Rc1 Rxc1 25. Qxc1 Qb6 26. Kf2 Rc8 27. Qd1
Rc2+ 28. Kg1 Bb5 29. Ng5 h6 30. Bxb5 Qxb5 31. Nxe6 Qd7 32. Nf4 Qf5 33. Qf3 Rxa2
34. Qxd5+ Kh7 35. Bf2 Nc2 36. e6 Qg4 37. Qe4+ g6 38. e7 Bxe7 39. Qxe7+ Kg8 40.
Qe8+ Kg7 41. Ne6+ Kf6 42. Qf8+ Kxe6 43. Qc8+ Kd5 44. Qxg4 g5 45. Qf3+ Ke6 46.
Kg2 1-0

[Event "Superettan(Stockholms SS-Rock II,Sthlm)"]
[Site "?"]
[Date "2009.02.28"]
[Round "6"]
[White "Todorovic, Zoran"]
[Black "Lindbom, Peter"]
[Result "1/2-1/2"]
[WhiteElo "2167"]
[BlackElo "2062"]
[PlyCount "134"]

1. e4 e6 2. d4 d5 3. Nd2 dxe4 4. Nxe4 Be7 5. Bd3 Nf6 6. Nf3 Nxe4 7. Bxe4 Nd7 8.
Qe2 Nf6 9. Bxb7 Bxb7 10. Qb5+ Qd7 11. Qxb7 O-O 12. O-O Rfb8 13. Qa6 Rb6 14. Qd3
c5 15. b3 cxd4 16. Qxd4 Rd6 17. Qe5 Rd5 18. Qe2 Rd8 19. c4 Rd1 20. Be3 Rxf1+
21. Rxf1 Qc7 22. h3 Ne4 23. Bd4 Qb7 24. Re1 Nf6 25. Qe3 a6 26. Re2 Rc8 27. Rd2
Ne4 28. Rc2 Nd6 29. Qf4 f6 30. Bb2 e5 31. Qg4 Nf7 32. Rd2 Bb4 33. Rd5 Rd8 34.
Qe6 Kf8 35. Rxd8+ Nxd8 36. Qf5 Kg8 37. Qc2 Ne6 38. a3 e4 39. Nd4 Nxd4 40. Bxd4
Bxa3 41. c5 Qc6 42. b4 Kf8 43. Be3 Bxb4 44. Qc4 a5 45. Qd4 Ke7 46. g4 g5 47.
Qc4 Kf8 48. Kf1 h6 49. Ke2 Ke7 50. Bd4 Kf8 51. Ke3 Be1 52. Qc1 Bb4 53. Qc2 a4
54. Qxe4 Bd2+ 55. Kd3 Qxe4+ 56. Kxe4 Ke7 57. Kd3 Bf4 58. Kc4 Ke6 59. Kb4 a3 60.
Kxa3 Kd5 61. Bxf6 Kxc5 62. Kb3 Kd5 63. f3 Be5 64. Be7 Bg7 65. h4 gxh4 66. Bxh4
Kd4 67. g5 Ke3 1/2-1/2

[Event "Superettan(Stockholms SS-Rock II,Sthlm)"]
[Site "?"]
[Date "2009.02.28"]
[Round "6"]
[White "Nilsson, Christer"]
[Black "Eriksson, Dan"]
[Result "0-1"]
[WhiteElo "2041"]
[BlackElo "2131"]
[PlyCount "90"]

1. e4 e5 2. Nf3 Nc6 3. Bb5 a6 4. Ba4 Nf6 5. O-O Be7 6. Re1 b5 7. Bb3 d6 8. c3
O-O 9. d4 Bg4 10. d5 Na5 11. Bc2 c6 12. h3 Bc8 13. dxc6 Qc7 14. Nbd2 Qxc6 15.
Nf1 Re8 16. Ng3 Nc4 17. b3 Nb6 18. Bd2 g6 19. Rc1 Bf8 20. Bb1 Bb7 21. Nh2 d5
22. Ng4 Nxg4 23. Qxg4 Bg7 24. h4 Rad8 25. Bg5 Rd7 26. h5 Qe6 27. Qxe6 Rxe6 28.
exd5 Nxd5 29. c4 bxc4 30. Rxc4 Nf4 31. h6 Nxg2 32. Rec1 Bf8 33. Ne4 Bxe4 34.
Bxe4 Nf4 35. Kf1 Red6 36. Bf3 f6 37. Bxf4 exf4 38. Rc8 Kf7 39. Bc6 Re7 40. Ra8
Bxh6 41. Rc5 Kg7 42. Rxa6 f3 43. Rd5 Bd2 44. Rxd2 Rxd2 45. Bxf3 Rc7 0-1

[Event "Superettan(Rodeby-Schack 08)"]
[Site "?"]
[Date "2009.02.28"]
[Round "6"]
[White "Renman, Nils-Gustaf"]
[Black "Svensson, Anders"]
[Result "1/2-1/2"]
[WhiteElo "2431"]
[BlackElo "2334"]
[PlyCount "46"]

1. d4 d5 2. c4 c6 3. Nc3 Nf6 4. e3 a6 5. Nf3 b5 6. cxd5 cxd5 7. Bd2 Nc6 8. a4
b4 9. Na2 e6 10. Bd3 Bd6 11. Nc1 Bb7 12. Nb3 Ne4 13. O-O O-O 14. Qe2 f5 15.
Rfc1 Rf6 16. Be1 Rh6 17. g3 g5 18. Nfd2 Nxd2 19. Bxd2 Na5 20. Nxa5 Qxa5 21. f4
g4 22. Rc2 Rf6 23. b3 Rff8 1/2-1/2

[Event "Superettan(Rodeby-Schack 08)"]
[Site "?"]
[Date "2009.02.28"]
[Round "6"]
[White "Laksman, Efraim"]
[Black "Fredriksson, Leif"]
[Result "1-0"]
[WhiteElo "2219"]
[BlackElo "2135"]
[PlyCount "73"]

1. c4 Nf6 2. Nc3 g6 3. e4 d6 4. d4 Bg7 5. Be2 O-O 6. Be3 Nbd7 7. g4 e5 8. g5
Ne8 9. d5 f5 10. exf5 gxf5 11. f4 exf4 12. Bxf4 Ne5 13. Qd2 Ng6 14. h4 Nxf4 15.
Qxf4 Be5 16. Qf2 Ng7 17. Nf3 Bxc3+ 18. bxc3 f4 19. Nd4 Bd7 20. O-O c5 21. dxc6
bxc6 22. Qh2 Qe7 23. Bf3 Rac8 24. Qg2 Qe3+ 25. Kh1 c5 26. Bd5+ Kh8 27. Rf3 cxd4
28. Rxe3 dxe3 29. Kg1 Nf5 30. Qg4 Ne7 31. Qxd7 Nxd5 32. cxd5 Rce8 33. Qxd6 f3
34. Kf1 Rf5 35. Re1 f2 36. Rxe3 Ref8 37. Re7 1-0

[Event "Superettan(Rodeby-Schack 08)"]
[Site "?"]
[Date "2009.02.28"]
[Round "6"]
[White "Ottenklev, Niclas"]
[Black "Greiff, Hakan"]
[Result "0-1"]
[WhiteElo "2176"]
[BlackElo "2282"]
[PlyCount "58"]

1. e4 e5 2. Nf3 Nc6 3. Bc4 Bc5 4. d3 Nf6 5. c3 d6 6. Bb3 Bb6 7. h3 Ne7 8. Qe2
Ng6 9. Na3 c6 10. Bd2 Bc7 11. O-O-O a6 12. d4 exd4 13. Nxd4 O-O 14. f3 d5 15.
Kb1 Bd6 16. Nf5 Bxa3 17. bxa3 Qa5 18. Kb2 dxe4 19. Nd6 exf3 20. Qxf3 Qc7 21.
Bg5 Nd5 22. Nxc8 Raxc8 23. Rhe1 h6 24. Bd2 b5 25. Re4 Rce8 26. Rd4 Re6 27. c4
Ne5 28. Qf5 bxc4 29. Bxc4 Qb6+ 0-1

[Event "Superettan(Rodeby-Schack 08)"]
[Site "?"]
[Date "2009.02.28"]
[Round "6"]
[White "Wahlbom, Magnus"]
[Black "Eriksson, Matts"]
[Result "1/2-1/2"]
[WhiteElo "2240"]
[BlackElo "2039"]
[PlyCount "77"]

1. e4 c6 2. d4 d5 3. Nd2 dxe4 4. Nxe4 Nf6 5. Nxf6+ gxf6 6. Bc4 Bf5 7. Ne2 e6 8.
O-O Qc7 9. Bf4 Bd6 10. Bxd6 Qxd6 11. c3 Nd7 12. Re1 O-O-O 13. b4 h5 14. Bd3
Bxd3 15. Qxd3 h4 16. h3 f5 17. b5 Rhg8 18. bxc6 Qxc6 19. Nf4 Nf6 20. f3 Qc7 21.
Qe3 Nd5 22. Nxd5 Rxd5 23. Re2 Kb8 24. Rb1 Rc8 25. Rb3 Qg3 26. Reb2 b6 27. Rb5
Qd6 28. Rxd5 Qxd5 29. Rb3 Qa5 30. Qd2 Kb7 31. Rb4 Qd5 32. Qb2 Rg8 33. Kh1 Rc8
34. Qa3 Qd6 35. Qb2 Qg3 36. Qd2 Qd6 37. Qe1 Qd5 38. Rb3 Qa5 39. Qd2 1/2-1/2

[Event "Superettan(Rodeby-Schack 08)"]
[Site "?"]
[Date "2009.02.28"]
[Round "6"]
[White "Dahlqvist, Ulf"]
[Black "Bernhardsson, Sten"]
[Result "0-1"]
[WhiteElo "1934"]
[BlackElo "2096"]
[PlyCount "80"]

1. d4 d5 2. Nf3 Nf6 3. c4 e6 4. g3 Be7 5. Bg2 O-O 6. O-O dxc4 7. Qc2 a6 8. Qxc4
b5 9. Qc2 Bb7 10. Bd2 Nc6 11. Rd1 Nxd4 12. Nxd4 Bxg2 13. Kxg2 Qxd4 14. Bf4 Qe4+
15. Qxe4 Nxe4 16. f3 Nd6 17. Na3 Bf6 18. Rab1 e5 19. Be3 Rac8 20. Bc5 Rfd8 21.
e4 Be7 22. Nc2 a5 23. Ne3 f6 24. Nd5 Kf7 25. Rd3 Nf5 26. Bf2 Nd4 27. Bxd4 exd4
28. Rxd4 c6 29. Nxe7 Kxe7 30. Rbd1 Rxd4 31. Rxd4 a4 32. Kf2 c5 33. Rd5 b4 34.
Ke3 c4 35. Rd1 c3 36. bxc3 Rxc3+ 37. Rd3 Rc1 38. Rd4 Rb1 39. h4 a3 40. Kd2 b3
0-1

[Event "Superettan(Rodeby-Schack 08)"]
[Site "?"]
[Date "2009.02.28"]
[Round "6"]
[White "Nereltjak, Nedzad"]
[Black "Stenman, Christoffer"]
[Result "0-1"]
[WhiteElo "2065"]
[BlackElo "1901"]
[PlyCount "66"]

1. e4 c5 2. Nf3 d6 3. d4 cxd4 4. Nxd4 Nf6 5. Nc3 g6 6. Bc4 Bg7 7. Bb3 O-O 8. f3
Nc6 9. Be3 Bd7 10. Qd2 Qa5 11. h4 Rfc8 12. Nxc6 bxc6 13. g4 c5 14. e5 Nxg4 15.
Bxf7+ Kxf7 16. fxg4 Bxe5 17. h5 Rab8 18. hxg6+ hxg6 19. Qd5+ e6 20. Qf3+ Kg8
21. O-O Rf8 22. Qe4 Kg7 23. Rxf8 Rxf8 24. Qh1 Rh8 25. Qb7 Qd8 26. Ne4 Qc8 27.
Qxa7 Qc6 28. Rf1 Ra8 29. Qxa8 Qxa8 30. Ng5 Bf6 31. a3 Qa4 32. Rf4 Qxc2 33. Ne4
Be5 0-1

[Event "Superettan(Rodeby-Schack 08)"]
[Site "?"]
[Date "2009.02.28"]
[Round "6"]
[White "Jonasson, Allan"]
[Black "Svensson, Orjan"]
[Result "1/2-1/2"]
[WhiteElo "1917"]
[BlackElo "1952"]
[PlyCount "88"]

1. d4 Nf6 2. Bg5 d5 3. Nd2 Bf5 4. e3 Nbd7 5. Ngf3 h6 6. Bh4 e6 7. Bd3 Bxd3 8.
cxd3 Be7 9. O-O O-O 10. Rc1 c5 11. dxc5 Bxc5 12. Bg3 Qb6 13. Qb3 Rac8 14. d4
Be7 15. Ne5 Qxb3 16. Nxb3 Nxe5 17. Bxe5 Ne4 18. f3 Nd6 19. Na5 Nc4 20. Nxc4
Rxc4 21. Rxc4 dxc4 22. Rc1 Rc8 23. Kf1 f6 24. Bg3 Kf8 25. Be1 Rc6 26. Ke2 Ke8
27. e4 Kd7 28. Kd1 b5 29. a3 Bd8 30. Kc2 Bb6 31. Rd1 Rd6 32. d5 exd5 33. Bb4
Re6 34. Rxd5+ Kc6 35. a4 a6 36. g4 Be3 37. Bf8 g6 38. Kc3 Bc1 39. axb5+ axb5
40. Kb4 Bxb2 41. Bxh6 Re5 42. Rd8 g5 43. Bf8 Kc7 44. Rd2 Bc1 1/2-1/2

[Event "Superettan(Rodeby-Schack 08)"]
[Site "?"]
[Date "2009.02.28"]
[Round "6"]
[White "Eriksson, Bengt"]
[Black "Jonsell, Hakan"]
[Result "1-0"]
[WhiteElo "1945"]
[BlackElo "1788"]
[PlyCount "59"]

1. d4 e6 2. Nf3 f5 3. d5 Be7 4. dxe6 dxe6 5. Qxd8+ Bxd8 6. Nc3 Nf6 7. e4 Nxe4
8. Nxe4 fxe4 9. Ng5 Bxg5 10. Bxg5 Nd7 11. Bc4 Nf6 12. O-O Bd7 13. Rae1 O-O-O
14. f4 Rde8 15. Bxf6 gxf6 16. Rxe4 e5 17. fxe5 Bc6 18. Re2 fxe5 19. Rf5 e4 20.
Bd5 Bxd5 21. Rxd5 Re7 22. Kf2 c6 23. Rd4 Rhe8 24. Ke3 Kc7 25. Rf2 c5 26. Rd5
Kc6 27. Rdf5 a5 28. Rh5 b6 29. Rf6+ Kc7 30. Rhh6 1-0

[Event "Superettan(Rockaden II,Sthlm-Eksjo)"]
[Site "?"]
[Date "2009.03.13"]
[Round "7"]
[White "Bator, Robert"]
[Black "Vernersson, Per"]
[Result "1/2-1/2"]
[WhiteElo "2439"]
[BlackElo "2471"]
[PlyCount "99"]
[SourceDate "2009.03.19"]

1. d4 d5 2. Nf3 Nf6 3. c4 e6 4. g3 Be7 5. Bg2 dxc4 6. Qa4+ Bd7 7. Qxc4 Bc6 8.
O-O O-O 9. Rd1 a6 10. Qc2 Be4 11. Qb3 Bd5 12. Qe3 c5 13. Nc3 Bc6 14. dxc5 Qa5
15. Nd4 Bxg2 16. Nb3 Qc7 17. Kxg2 Nbd7 18. Qf3 Nxc5 19. Bf4 e5 20. Nxc5 exf4
21. N5e4 fxg3 22. Nxf6+ Bxf6 23. Nd5 Qd6 24. Nxf6+ Qxf6 25. Qxf6 gxf6 26. hxg3
Rfe8 27. Kf3 Rac8 28. Rac1 Rxc1 29. Rxc1 Re5 30. Rc4 Rb5 31. b4 a5 32. a3 axb4
33. axb4 Kg7 34. Ke3 Kg6 35. Kd3 Rf5 36. Rg4+ Rg5 37. Rd4 Rf5 38. Rg4+ Rg5 39.
Rf4 Re5 40. e3 h5 41. Rd4 Rf5 42. f4 Rb5 43. e4 Rb6 44. Kc3 Ra6 45. Rd8 Ra3+
46. Kc4 Re3 47. Kd4 Rb3 48. Kc4 Re3 49. Kd4 Rb3 50. Kc4 1/2-1/2

[Event "Superettan(Rockaden II,Sthlm-Eksjo)"]
[Site "?"]
[Date "2009.03.13"]
[Round "7"]
[White "Ornstein, Axel"]
[Black "Lissang, Christopher"]
[Result "1/2-1/2"]
[WhiteElo "2448"]
[BlackElo "2345"]
[PlyCount "82"]

1. c4 c5 2. Nf3 Nc6 3. Nc3 e5 4. e3 Nf6 5. d4 cxd4 6. exd4 e4 7. Nd2 Bb4 8. a3
Bxc3 9. bxc3 d6 10. Be2 O-O 11. Nf1 Re8 12. Ne3 b6 13. O-O Na5 14. f4 Ba6 15.
Rb1 Rc8 16. Rb4 d5 17. f5 Nxc4 18. Nxc4 Bxc4 19. Bxc4 a5 20. Bb5 axb4 21. Bxe8
Nxe8 22. cxb4 Rc4 23. Bf4 b5 24. h3 Qb6 25. Be5 f6 26. Qh5 Rc8 27. Bg3 Qxd4+
28. Kh2 Qa7 29. Rd1 Qd7 30. Bf2 Nc7 31. Bg3 Na8 32. Bf2 Nb6 33. Bxb6 Qd6+ 34.
Kh1 Qxb6 35. Rxd5 Rc1+ 36. Rd1 Rxd1+ 37. Qxd1 e3 38. Qd3 Kf8 39. g4 Qc6+ 40.
Kh2 Qc7+ 41. Kg2 Qf4 1/2-1/2

[Event "Superettan(Rockaden II,Sthlm-Eksjo)"]
[Site "?"]
[Date "2009.03.13"]
[Round "7"]
[White "Zadruzny, Nicolaj"]
[Black "de Verdier, Michael"]
[Result "1/2-1/2"]
[WhiteElo "2311"]
[BlackElo "2300"]
[PlyCount "62"]

1. e4 c5 2. Nf3 e6 3. d4 cxd4 4. Nxd4 Nc6 5. Nc3 Qc7 6. Be3 a6 7. Bd3 Nf6 8.
O-O Nxd4 9. Bxd4 Bc5 10. Bxc5 Qxc5 11. Kh1 d6 12. f4 e5 13. f5 Bd7 14. Qe2 Bc6
15. g4 d5 16. Rae1 O-O-O 17. g5 dxe4 18. Nxe4 Nxe4 19. Bxe4 Bxe4+ 20. Qxe4 Rd4
21. Qg2 Rhd8 22. Re2 Rd1 23. h3 e4 24. Rxe4 Qxf5 25. Rxd1 Rxd1+ 26. Kh2 Qd7 27.
h4 Rd2 28. Re2 Qd6+ 29. Kh3 Qd7+ 30. Kh2 Qd6+ 31. Kh3 Qd7+ 1/2-1/2

[Event "Superettan(Rockaden II,Sthlm-Eksjo)"]
[Site "?"]
[Date "2009.03.13"]
[Round "7"]
[White "Krantz, Christopher"]
[Black "Westerberg, Jonathan"]
[Result "1-0"]
[WhiteElo "2271"]
[BlackElo "2298"]
[PlyCount "57"]

1. e4 d5 2. exd5 Nf6 3. Nf3 Nxd5 4. d4 g6 5. c4 Nb6 6. Nc3 Bg7 7. c5 Nd5 8. Bc4
c6 9. O-O O-O 10. Re1 h6 11. Qb3 Nxc3 12. bxc3 Nd7 13. Bf4 b5 14. Bf1 Nf6 15.
a4 Nd5 16. Bg3 Be6 17. axb5 Ne3 18. c4 Nxf1 19. Kxf1 cxb5 20. Qxb5 Bg4 21. Rad1
Bxf3 22. gxf3 Qc8 23. Kg2 Re8 24. d5 a6 25. Qb6 Qf5 26. d6 exd6 27. Rxe8+ Rxe8
28. cxd6 Qd7 29. Qc7 1-0

[Event "Superettan(Rockaden II,Sthlm-Eksjo)"]
[Site "?"]
[Date "2009.03.13"]
[Round "7"]
[White "Hanninger, Simon"]
[Black "Thornert, Hakan"]
[Result "1-0"]
[WhiteElo "2289"]
[BlackElo "2206"]
[PlyCount "83"]

1. e4 c5 2. Nc3 Nc6 3. g3 g6 4. Bg2 Bg7 5. d3 d6 6. Be3 e5 7. Qd2 Nge7 8. f4
Nd4 9. Nd1 exf4 10. Bxf4 h6 11. c3 Ne6 12. Be3 d5 13. Ne2 d4 14. Bf2 Nc6 15.
O-O h5 16. Nf4 Bh6 17. b4 cxb4 18. cxb4 Qd6 19. Be1 h4 20. Qf2 hxg3 21. hxg3
Ne5 22. Nd5 O-O 23. Qe2 Kg7 24. Bf2 Bd7 25. Nb2 b5 26. a4 a6 27. Be1 Bg5 28.
Bd2 Rh8 29. Bf4 Rh5 30. axb5 Bxb5 31. Nc4 Bxc4 32. dxc4 Rah8 33. c5 Qb8 34.
Rxa6 f6 35. Rxe6 d3 36. Qd1 Qc8 37. Re7+ Nf7 38. Bxg5 Rh1+ 39. Bxh1 Rxh1+ 40.
Kf2 Rh2+ 41. Ke3 Re2+ 42. Kd4 1-0

[Event "Superettan(Rockaden II,Sthlm-Eksjo)"]
[Site "?"]
[Date "2009.03.13"]
[Round "7"]
[White "Ghazi Al-Saadi, Ali"]
[Black "Olofson, Dan"]
[Result "0-1"]
[WhiteElo "1965"]
[BlackElo "2223"]
[PlyCount "116"]

1. e4 e5 2. Nf3 Nc6 3. Bb5 a6 4. Bxc6 dxc6 5. Nc3 Bg4 6. h3 Bxf3 7. Qxf3 Ne7 8.
Qg3 Ng6 9. d3 Be7 10. Bd2 h6 11. O-O-O Bg5 12. Qg4 Bxd2+ 13. Rxd2 Qg5 14. g3
Rd8 15. Ne2 c5 16. f4 Qxg4 17. hxg4 f6 18. f5 Ne7 19. Ng1 Nc6 20. Nf3 O-O 21.
Nh4 Rd6 22. Ng2 Rfd8 23. Ne3 b5 24. Rdh2 Kf7 25. b3 Nd4 26. Rf2 Rb8 27. Nd5 c6
28. Ne3 b4 29. Nc4 Rdd8 30. Rhf1 Ke7 31. Kb2 Nb5 32. Ra1 Ra8 33. Nb6 Ra7 34.
Na4 Kd6 35. Raf1 a5 36. Rh2 Rf8 37. Ra1 Rb7 38. Kc1 Nd4 39. Nb2 Ra8 40. a3 Rba7
41. Nc4+ Ke7 42. a4 Rd8 43. Rf2 Nxb3+ 44. cxb3 Rxd3 45. Kc2 Rc3+ 46. Kb2 Rxg3
47. Rd1 Rxg4 48. Re2 h5 49. Rd6 h4 50. Re6+ Kf8 51. Rd2 Kg8 52. Nd6 h3 53. Re8+
Kh7 54. Rd3 Rh4 55. Rd1 Rd7 56. Re6 Rxe4 57. Rh1 Re2+ 58. Kb1 h2 0-1

[Event "Superettan(Rockaden II,Sthlm-Eksjo)"]
[Site "?"]
[Date "2009.03.13"]
[Round "7"]
[White "Bryntze, Stefan"]
[Black "Andersson, Johan"]
[Result "1-0"]
[WhiteElo "2222"]
[BlackElo "2127"]
[PlyCount "78"]

1. f4 d5 2. e3 g6 3. Nf3 Bg7 4. c4 Nf6 5. cxd5 Nxd5 6. Nc3 O-O 7. Qb3 Nxc3 8.
bxc3 c5 9. Ba3 b6 10. d4 Qc7 11. Bd3 Nc6 12. O-O Na5 13. Qb2 e6 14. Rac1 Rd8
15. Qf2 Bb7 16. Qh4 Qc6 17. Rf2 Qa4 18. Bb2 Nc4 19. Ne5 Nxe3 20. Qe7 Bxe5 21.
fxe5 Rd7 22. Qg5 cxd4 23. cxd4 Nf5 24. Bxf5 exf5 25. e6 fxe6 26. d5 exd5 27.
Rxf5 Qe4 28. Re5 Qb4 29. Qf6 Qf8 30. Re8 Rxe8 31. Qh8+ Kf7 32. Rf1+ Ke7 33.
Rxf8 Rxf8 34. Ba3+ Kd8 35. Qxf8+ Kc7 36. Qf4+ Kc8 37. Qd4 Rf7 38. Qe5 Rd7 39.
Bb2 Bc6 1-0

[Event "Superettan(Rockaden II,Sthlm-Eksjo)"]
[Site "?"]
[Date "2009.03.13"]
[Round "7"]
[White "Akvist, Hakan"]
[Black "Berggren, Jonatan"]
[Result "1-0"]
[WhiteElo "2070"]
[BlackElo "2215"]
[PlyCount "139"]

1. d4 Nf6 2. c4 c5 3. d5 b5 4. cxb5 a6 5. bxa6 g6 6. Nc3 Bxa6 7. e4 Bxf1 8.
Kxf1 d6 9. Nf3 Nbd7 10. h3 Bg7 11. Kg1 O-O 12. Kh2 Qb8 13. Re1 Ne8 14. Qc2 Nc7
15. Rb1 Na6 16. a3 c4 17. Ne2 Rc8 18. Ned4 Ne5 19. Be3 Nxf3+ 20. gxf3 Bxd4 21.
Bxd4 e5 22. Be3 Qb5 23. f4 Nc5 24. fxe5 dxe5 25. Bxc5 Qxc5 26. Re3 Ra6 27. Rc1
Qe7 28. Qe2 Qh4 29. Rf3 Rf6 30. Rxf6 Qxf6 31. Rc3 Qa6 32. Kg2 Kg7 33. Qc2 h5
34. b3 Qxa3 35. Rxc4 Rb8 36. Rc3 Rb6 37. Rf3 Qd6 38. Qc3 Qe7 39. Qd2 Qd6 40.
Qc1 Qe7 41. Rc3 Qh4 42. Qe3 Qf6 43. Qc5 h4 44. Rf3 Qd8 45. Qc1 Qe7 46. Rc3 Qb4
47. Qe3 Ra6 48. Rc4 Qe7 49. Ra4 Rf6 50. b4 Rf4 51. b5 Qg5+ 52. Kf1 Qg3 53. Qxg3
hxg3 54. Rb4 Rxf2+ 55. Kg1 Rc2 56. b6 Rc8 57. Kg2 Kf6 58. Kxg3 Ke7 59. Kg4 Kf6
60. b7 Rb8 61. h4 Kg7 62. Rb6 f6 63. h5 gxh5+ 64. Kxh5 Kf7 65. Kg4 Rg8+ 66. Kf3
Rb8 67. Ke3 Ke7 68. Kd3 Kd7 69. Rxf6 Rxb7 70. Rf7+ 1-0

[Event "Superettan(Rockaden,Umea-Vastervik)"]
[Site "?"]
[Date "2009.03.13"]
[Round "7"]
[White "Sternlund, Hakan"]
[Black "Forsberg, Viktor"]
[Result "0-1"]
[WhiteElo "2220"]
[BlackElo "2341"]
[PlyCount "80"]

1. c4 e6 2. Nc3 d5 3. d4 Be7 4. Nf3 Nf6 5. Bg5 h6 6. Bh4 O-O 7. e3 Ne4 8. Bxe7
Qxe7 9. Bd3 Nxc3 10. bxc3 dxc4 11. Bxc4 c5 12. O-O b6 13. Ne5 Bb7 14. Be2 Nc6
15. Nxc6 Bxc6 16. Bf3 Rac8 17. Bxc6 Rxc6 18. Qf3 Rfc8 19. d5 exd5 20. Rfd1 Rd6
21. Rxd5 Rxd5 22. Qxd5 Rd8 23. Qb3 Rd2 24. Rd1 c4 25. Qb1 Qd7 26. Rxd2 Qxd2 27.
Qa1 b5 28. a3 a5 29. g3 Qc2 30. h4 Qb3 31. Kg2 a4 32. Kh3 b4 33. axb4 a3 34.
Qh1 Qxc3 35. Qa8+ Kh7 36. b5 Qb2 37. Qe4+ g6 38. Qxc4 Kg7 39. b6 a2 40. b7 a1=Q
0-1

[Event "Superettan(Rockaden,Umea-Vastervik)"]
[Site "?"]
[Date "2009.03.13"]
[Round "7"]
[White "Wickstrom, Lucas"]
[Black "Ask, Josef"]
[Result "1-0"]
[WhiteElo "2255"]
[BlackElo "2224"]
[PlyCount "65"]

1. d4 e6 2. c4 f5 3. g3 Nf6 4. Bg2 Be7 5. Nc3 O-O 6. Nf3 d6 7. O-O Ne4 8. Nd2
Nxc3 9. bxc3 e5 10. Rb1 c6 11. c5 exd4 12. cxd6 Qxd6 13. cxd4 Qxd4 14. Rxb7
Bxb7 15. Qb3+ Kh8 16. Qxb7 Nd7 17. Nf3 Qd5 18. Bf4 Bf6 19. Ne5 Nc5 20. Bxd5
Nxb7 21. Bxc6 g5 22. Nd7 Rad8 23. Bc1 Na5 24. Ba4 Rxd7 25. Bxd7 f4 26. gxf4
gxf4 27. Bxf4 Rd8 28. Bb5 Nb7 29. Rc1 Nd6 30. Bd3 Nf7 31. Rc7 Ne5 32. Rxh7+ Kg8
33. Rxa7 1-0

[Event "Superettan(Rockaden,Umea-Vastervik)"]
[Site "?"]
[Date "2009.03.13"]
[Round "7"]
[White "Nilsson, Victor"]
[Black "Malmstig, Erik"]
[Result "0-1"]
[WhiteElo "2139"]
[BlackElo "2315"]
[PlyCount "72"]

1. d4 Nf6 2. Nf3 d6 3. c4 Bg4 4. Nc3 Nbd7 5. e4 e5 6. Be3 Be7 7. Be2 c6 8. O-O
a6 9. Rc1 b5 10. cxb5 axb5 11. d5 b4 12. dxc6 bxc3 13. cxd7+ Bxd7 14. bxc3 Nxe4
15. Bc4 Bc6 16. Bd5 Qd7 17. c4 Ra5 18. c5 O-O 19. Bxe4 Bxe4 20. Nxe5 Qe6 21.
Nc4 Rxa2 22. cxd6 Qg6 23. g3 Bf6 24. f3 Ba8 25. Rf2 Rxf2 26. Bxf2 Qf5 27. Kg2
g5 28. Nb6 Bb7 29. Rc5 Qe6 30. Rc7 Rb8 31. Kg1 g4 32. fxg4 Qe4 33. Rxb7 Rxb7
34. d7 Bd8 35. Qd4 Qb1+ 36. Kg2 Rxb6 0-1

[Event "Superettan(Rockaden,Umea-Vastervik)"]
[Site "?"]
[Date "2009.03.13"]
[Round "7"]
[White "Karlsson, Jorgen"]
[Black "Eriksson, Jorgen"]
[Result "1/2-1/2"]
[WhiteElo "2179"]
[BlackElo "2214"]
[PlyCount "98"]

1. Nf3 f5 2. g3 Nf6 3. Bg2 d6 4. d4 g6 5. c4 Bg7 6. Nc3 O-O 7. Bf4 Nh5 8. Bg5
h6 9. Bd2 e5 10. e3 Nc6 11. d5 Nb4 12. O-O a5 13. a3 Nd3 14. Ne1 Nc5 15. Na4
Nxa4 16. Qxa4 Bd7 17. Qc2 g5 18. Nd3 e4 19. Nc1 Qe7 20. Ne2 Nf6 21. h3 a4 22.
Rac1 b6 23. Bc3 Rae8 24. Bd4 Qf7 25. f3 exf3 26. Bxf3 Qe7 27. Nc3 Ne4 28. Bxg7
Kxg7 29. Nxe4 fxe4 30. Bg2 Qe5 31. Qc3 Rxf1+ 32. Kxf1 Qxc3 33. Rxc3 Kf6 34. Rc1
Ke5 35. Rd1 Rf8+ 36. Ke2 c5 37. dxc6 Bxc6 38. Rf1 Rxf1 39. Bxf1 b5 40. Kd2 bxc4
41. Bxc4 d5 42. Be2 d4 43. Bd1 Bd7 44. h4 gxh4 45. gxh4 Kd5 46. b3 axb3 47.
Bxb3+ Kc5 48. Bf7 Bc6 49. Bb3 Bd7 1/2-1/2